Active Leaders in RBI - Statistics

General Stats
  • This quiz has been taken 48 times
  • The average score is 26 of 63
Answer Stats
RBI Player % Correct
2,075 Albert Pujols
92%
785 Giancarlo Stanton
92%
752 Mike Trout
89%
635 Bryce Harper
86%
854 Melky Cabrera
86%
1,694 Miguel Cabrera
86%
796 Asdrubal Cabrera
83%
805 Freddie Freeman
75%
673 Buster Posey
72%
1,119 Nelson Cruz
72%
734 Nolan Arenado
72%
819 Andrew McCutchen
69%
944 Joey Votto
69%
779 Chris Davis
64%
570 Khris Davis
64%
807 Paul Goldschmidt
64%
729 Anthony Rizzo
61%
645 Josh Donaldson
58%
1,128 Ryan Braun
58%
598 Manny Machado
56%
1,272 Robinson Cano
56%
917 Hanley Ramirez
53%
771 Russell Martin
53%
1,242 Edwin Encarnacion
50%
1,015 Evan Longoria
50%
1,015 Ryan Zimmerman
50%
916 Yadier Molina
50%
945 Adam Jones
47%
711 J.D. Martinez
47%
611 Jose Abreu
44%
785 Carlos Gonzalez
42%
546 Anthony Rendon
39%
766 Carlos Santana
39%
622 Pablo Sandoval
39%
738 Alex Gordon
36%
734 Eric Hosmer
31%
579 Jason Heyward
28%
934 Jay Bruce
25%
937 Justin Upton
25%
682 Kurt Suzuki
25%
629 Mark Trumbo
25%
1,010 Matt Kemp
25%
618 Michael Brantley
25%
1,031 Nick Markakis
25%
725 Dustin Pedroia
22%
666 Kyle Seager
22%
561 Mike Moustakas
22%
606 Neil Walker
22%
636 Starlin Castro
19%
559 Mitch Moreland
17%
710 Howie Kendrick
14%
936 Hunter Pence
14%
909 Ian Kinsler
14%
768 Ben Zobrist
11%
555 Justin Smoak
11%
561 Brian Dozier
8%
719 Daniel Murphy
8%
711 Ian Desmond
8%
767 Shin-Soo Choo
8%
624 Todd Frazier
8%
629 Elvis Andrus
6%
546 Matt Wieters
6%
545 Jonathan Lucroy
3%
No matching quizzes found
Score Distribution
Percent of People with Each Score
Percentile by Number Answered
Your Score History
You have not taken this quiz